Normal view
MARC view
- Agostini, René editor.
Entry Personal Name
001 - CONTROL NUMBER
- control field: 37546
003 - CONTROL NUMBER IDENTIFIER
- control field: OSt
005 - DATE AND TIME OF LATEST TRANSACTION
- control field: 20190312104111.0
008 - FIXED-LENGTH DATA ELEMENTS
- fixed length control field: 190312|| aca||aabn | a|a d
040 ## - CATALOGING SOURCE
- Original cataloging agency: OSt
- Transcribing agency: OSt
100 ## - HEADING--PERSONAL NAME
- Personal name: Agostini, René editor.
670 ## - SOURCE DATA FOUND
- Source citation: Work cat.: (OSt): Gonzalez , Madelena. 37543, Aesthetics and Ideology in Contemporary Literature and Drama /, ©2015.
